000 00306 a2200145 4500
001 180263
020 _a
040 _cMagnum
100 _aSouza, Iza R. de Azevedo
240 1 0 _aMosquito eletrico
_lpor
245 1 0 _aMosquito eletrico
362 0 _a1899
697 _aMAGNITO: I/ANIMAIS
942 _cBK
999 _c180263
_d180263